Online
Catalog

Vivir Norberto James. / (Record no. 32267)

MARC details
000 -CABECERA
campo de control de longitud fija 00551nam a2200193 a 4500
001 - NÚMERO DE CONTROL
campo de control 000032776
005 - FECHA Y HORA DE LA ÚLTIMA TRANSACCIÓN
campo de control 20200930065828.0
008 - DATOS DE LONGITUD FIJA--INFORMACIÓN GENERAL
campo de control de longitud fija 110726s1981 dr 000 p spa d
040 ## - FUENTE DE LA CATALOGACIÓN
Centro catalogador/agencia de origen DO-SdBNP
Lengua de catalogación spa
Centro/agencia transcriptor BNPHU
082 ## - NÚMERO DE LA CLASIFICACIÓN DECIMAL DEWEY
Número de clasificación xxxx
Número de documento/Ítem xxx
100 1# - ENTRADA PRINCIPAL--NOMBRE DE PERSONA
Nombre de persona James, Norberto
9 (RLIN) 58608
245 10 - MENCIÓN DE TÍTULO
Título Vivir Norberto James. /
Mención de responsabilidad, etc. Norberto James.
260 ## - PUBLICACIÓN, DISTRIBUCIÓN, ETC.
Lugar de publicación, distribución, etc. Santo Domingo,
Fabricante Amigo del hogar
Fecha de publicación, distribución, etc. 1981.
300 ## - DESCRIPCIÓN FÍSICA
Extensión 52 p. ;
Dimensiones 22 cm.
490 1# - MENCIÓN DE SERIE
Mención de serie Luna Cabeza Caliente
490 1# - MENCIÓN DE SERIE
Mención de serie Novilunio
Designación de volumen o secuencia 1
830 #0 - PUNTO DE ACCESO ADICIONAL DE SERIE-TÍTULO UNIFORME
Título uniforme Luna Cabeza Caliente
9 (RLIN) 25200
830 #0 - PUNTO DE ACCESO ADICIONAL DE SERIE-TÍTULO UNIFORME
Título uniforme Novilunio
Designación de volumen o secuencia 1
9 (RLIN) 58609
Holdings
Estado de retiro Estado de pérdida No para préstamo Código de colección Localización permanente Ubicación/localización actual Ubicación en estantería Fecha de adquisición Número de inventario Total de préstamos Signatura topográfica completa Código de barras Fecha visto por última vez Precio válido a partir de Tipo de ítem Koha Nota pública
    Excluido de préstamo Patrimonio Dominicano Patrimonio Dominicano Patrimonio Dominicano En catalogación 26.07.2011 LF1   xxxx xxx 32776-10 25.06.2020 25.06.2020 Libro y Folleto Colección Patrimonio Dominicano Perteneció a la biblioteca personal de Aída Cartagena Portalatín.

Powered by Koha